Les villes les plus peuplées du Benelux - Statistiques

Statistiques générales
  • Ce quiz a été pris 107 fois
  • Le résultat moyen est 9 sur 15
Statistiques - réponses
population Villes % Correct
840 000 Amsterdam
100%
179 000 Bruxelles
100%
632 000 Rotterdam
99%
524 000 Anvers
93%
196 000 Liège
90%
261 000 Gand
74%
521 000 La Haye
73%
201 000 Charleroi
67%
225 000 Eindhoven
66%
340 000 Utrecht
61%
199 000 Groningue
31%
182 000 Bréda
26%
172 000 Nimègue
19%
213 000 Tilbourg
15%
198 000 Almère
8%
Aucun quiz correspondant
Distribution des résultats
% des personnes avec chaque résultat
Percentile par nombre de réponses
Votre historique - résultats
Vous n’avez pas pris ce quiz